The tempting of America : (Record no. 2063)

MARC details
000 -LEADER
fixed length control field 00745cam a2200217 4500
001 - CONTROL NUMBER
control field 2598
005 - DATE AND TIME OF LATEST TRANSACTION
control field 20181127165336.0
008 - FIXED-LENGTH DATA ELEMENTS--GENERAL INFORMATION
fixed length control field 890808s1990 nyu b 001 0 eng
010 ## - LIBRARY OF CONGRESS CONTROL NUMBER
LC control number 89039128
020 ## - INTERNATIONAL STANDARD BOOK NUMBER
International Standard Book Number 0029037611
043 ## - GEOGRAPHIC AREA CODE
Geographic area code n-us---
100 1# - MAIN ENTRY--PERSONAL NAME
Personal name Bork, Robert H.
245 14 - TITLE STATEMENT
Title The tempting of America :
Remainder of title the political seduction of the law /
Statement of responsibility, etc. Robert H. Bork.
260 ## - PUBLICATION, DISTRIBUTION, ETC.
Place of publication, distribution, etc. New York :
Name of publisher, distributor, etc. Free Press ;
Place of publication, distribution, etc. London :
Name of publisher, distributor, etc. Collier Macmillan,
Date of publication, distribution, etc. c1990.
300 ## - PHYSICAL DESCRIPTION
Extent xiv, 432 p. ;
Dimensions 24 cm.
504 ## - BIBLIOGRAPHY, ETC. NOTE
Bibliography, etc. note Includes bibliographical references.
650 #0 - SUBJECT ADDED ENTRY--TOPICAL TERM
Topical term or geographic name entry element Constitutional law
Geographic subdivision United States.
Topical term or geographic name entry element Judicial power
Geographic subdivision United States.
Topical term or geographic name entry element Judicial review
Geographic subdivision United States.
Topical term or geographic name entry element Political questions and judicial power
Geographic subdivision United States.
Holdings
Withdrawn status Lost status Source of classification or shelving scheme Damaged status Not for loan Collection code Home library Current library Shelving location Serial Enumeration / chronology Inventory number Total Checkouts Full call number Barcode Date last seen Price effective from Koha item type
    Dewey Decimal Classification     Main TEST RTC Library RTC Library Main opac 898   347.73 BOR 30003740 27/11/2018 27/11/2018 Main
Royal Thimphu College || All Right Reserved